00265nam a2200109 4500082001200000100002000012245003900032260002600071300000900097650003300106700001600139 a543 PEC aPecsok,Robert.l amodern Method of Chemical Analysis aNew YorkbWielyc1968 a480p achemistryachemical analysys aShields.L.D